00000000nam##2200000za#4500
0019.632388
003CaOODSP
00520210624214804
007cr |||||||||||
008150407|2005||||xxc|||||o    f|0| 0 fre|d
020 |a0-662-70743-5
040 |aCaOODSP|bfre
043 |an-cn---
0861 |aFo134-1/2005F-PDF
1101 |aCanada.|bRessources naturelles Canada. |bService canadien des forêts.
24510|aStatégie canadienne en matière de feux de forêt : |h[ressource électronique]|bvision pour une approche innovatrice et intégrée pour la gestion des risques / |cPublié par le Centre de foresterie du Nord. Rapport préparé à l'intention du Conseil canadien des ministres des Forêts par le Groupe de travail des sous-ministres adjoints sur la Stratégie canadienne en matière de feux de forêt.
260 |aEdmonton - Alberta : |bRessources naturelles Canada. |c2005.
300 |a25p.|bill. en couleur
5203 |aLe présent rapport brosse le portrait actuel du dossier des feux de forêt et de leur gestion au Canada, propose une vision de la situation future visée et formule des recommandations sur la manière d’amorcer les changements qui seront nécessaires au cours des dix prochaines années.
590 |a08-03-Supp|b2008-09-09
69107|aIncendie de forêt|2gcpds
77508|tCanadian wildland fire strategy : |w(CaOODSP)9.687948
7760#|tStatégie canadienne en matière de feux de forêt : |w(CaOODSP)9.683091
85640|ahttp://publications.gc.ca|qPDF|s2532 Ko|uhttps://publications.gc.ca/collections/collection_2008/nrcan/Fo134-1-2005F.pdf